Statistics for Oscars for Best Actor 1990-2023

Click here to take the quiz!

General Stats

  • This quiz has been taken 620 times
    (94 since last reset)
  • The average score is 27 of 34

Answer Stats

QuestionAnswer% Correct
2023Cillian Murphy (Oppenheimer)
98%
2015Leonardo DiCaprio (The Revenant)
94%
1991Anthony Hopkins (The Silence of the Lambs)
92%
2022Brendan Fraser (The Whale)
91%
2016Casey Affleck (Manchester by the Sea)
91%
2019Joaquin Phoenix (Joker)
91%
2018Rami Malek (Bohemian Rhapsody)
91%
2012Daniel Day-Lewis (Lincoln)
90%
2007Daniel Day-Lewis (There Will Be Blood)
90%
2004Jamie Foxx (Ray)
90%
1994Tom Hanks (Forrest Gump)
90%
2013Matthew McConaughey (Dallas Buyers Club)
88%
2014Eddie Redmayne (The Theory of Everything)
87%
2021Will Smith (King Richard)
87%
2006Forest Whitaker (The Last King of Scotland)
85%
2000Russell Crowe (Gladiator)
85%
2010Colin Firth (The King's Speech)
84%
2008Sean Penn (Milk)
84%
1992Al Pacino (Scent of a Woman)
83%
1999Kevin Spacey (American Beauty)
83%
2002Adrien Brody (The Pianist)
79%
2017Gary Oldman (Darkest Hour)
79%
2020Anthony Hopkins (The Father)
78%
1993Tom Hanks (Philadelphia)
77%
2001Denzel Washington (Training Day)
74%
1997Jack Nicholson (As Good as It Gets)
74%
2011Jean Dujardin (The Artist)
74%
1995Nicolas Cage (Leaving Las Vegas)
73%
2009Jeff Bridges (Crazy Heart)
72%
2005Philip Seymour Hoffman (Capote)
71%
2003Sean Penn (Mystic River)
71%
1998Roberto Benigni (Life Is Beautiful)
69%
1996Geoffrey Rush (Shine)
51%
1990Jeremy Irons (Reversal of Fortune)
36%

Score Distribution

Percentile by Number Answered

Percent of People with Each Score

Your Score History

You have not taken this quiz since the last reset